000 00290nam a22001337a 4500
008 180813b xxu||||| |||| 00| 0 eng d
020 _a9781319058357
041 _aeng
080 _a159.9
100 _a48
101 _aPSI
245 _aIntroducing Psychology
_cNock,S
942 _2udc
_cBK
999 _c47035
_d47035